Reference manual : (Record no. 4483)

MARC details
000 -LEADER
fixed length control field 00700nam a22001937a 4500
003 - CONTROL NUMBER IDENTIFIER
control field OSt
005 - DATE AND TIME OF LATEST TRANSACTION
control field 20250919022104.0
008 - FIXED-LENGTH DATA ELEMENTS--GENERAL INFORMATION
fixed length control field 250919b |||||||| |||| 00| 0 eng d
020 ## - INTERNATIONAL STANDARD BOOK NUMBER
International Standard Book Number 0-660-15115-4
040 ## - CATALOGING SOURCE
Original cataloging agency DWCL-Main Lib
Transcribing agency OC
082 ## - DEWEY DECIMAL CLASSIFICATION NUMBER
Classification number Circ. 613.043'2 R332 1993
245 ## - TITLE STATEMENT
Title Reference manual :
Remainder of title post partrum parent support program
260 ## - PUBLICATION, DISTRIBUTION, ETC.
Place of publication, distribution, etc. no publisher. :
Name of publisher, distributor, etc. Authority of the Minister of Health,
Date of publication, distribution, etc. c1993
300 ## - PHYSICAL DESCRIPTION
Extent 276 p. :
Dimensions 22 cm.
504 ## - BIBLIOGRAPHY, ETC. NOTE
Bibliography, etc. note Includes bibliographical references
650 ## - SUBJECT ADDED ENTRY--TOPICAL TERM
Source of heading or term Maternal health services
650 ## - SUBJECT ADDED ENTRY--TOPICAL TERM
Source of heading or term Postnatal case-handbook, manuals, etc.
942 ## - ADDED ENTRY ELEMENTS (KOHA)
Source of classification or shelving scheme Dewey Decimal Classification
Koha item type Book Circulation
Classification part Circ. 613.043'2 R332 1993
Call number prefix Circ.
Suppress in OPAC No
952 ## - LOCATION AND ITEM INFORMATION (KOHA)
--
Holdings
Withdrawn status Lost status Source of classification or shelving scheme Damaged status Not for loan Home library Current library Shelving location Date acquired Source of acquisition Total Checkouts Full call number Barcode Date last seen Copy number Price effective from Koha item type Uniform Resource Identifier
    Dewey Decimal Classification     College Library College Library Circulation 01/13/2006 Donation   Circ. 613.043'2 R332 1993 42666 09/19/2025 c1 09/19/2025 BK-CIRC